| 000 | 00401nam a2200145Ia 4500 | ||
|---|---|---|---|
| 008 | 230524s9999 xx 000 0 und d | ||
| 020 | _a1904910300 | ||
| 100 |
_aJane Sherrod Singer _936655 |
||
| 245 | 0 | _aEvaluate Yourself: Self ? Improvement | |
| 260 | _bNew Dwan Press | ||
| 500 | _aQuantity Number: 1 | ||
| 650 |
_aPersonality Development _936656 |
||
| 700 |
_a Roz Ashley _936657 |
||
| 942 | _cBK | ||
| 999 |
_c50689 _d50689 |
||